000 00795nam a22003010a 4500
001 PT55493
003 AR-LpoUNG
005 20210131231704.0
008 191001s2008||||ag |||||||||||||||||spa d
020 _a9789871374069
_c$7,45
040 _aAR-LpoUNG
_bspa
_cAR-LpoUNG
_eaacr
041 _aspa
044 _aag
082 0 _a808.068 3 294pap
100 1 _aDecis, Anne
245 1 0 _aMi papá estuvo en la selva
250 _a1ra. ed.
260 _aBuenos Aires :
_bPequeño editor,
_c2008.
300 _a33 p. :
_bil.
505 0 _aSugerido a partir de 8 años (etiqueta CELESTE)
650 4 _aCUENTOS
650 4 _aLITERATURA
651 4 _aDOCUMENTOS TEORICOS O METODOLOGICOS
653 _aLITERATURA INFANTIL
700 1 _aDecis, Gusti
905 _a55493
942 _cLIB
999 _c11447
_d11447